000 00592nam a2200193 a 4500
001 000026088
005 20200930024307.0
008 110301s1971 dr 000 0 spa d
040 _aDO-SdBNP
_bspa
_cBNPHU
082 _a610.9
_bA774h
100 1 _aArredondo, Mañon
_953031
245 1 0 _aHistoria de la medicina /
_cMañon Arredondo.
260 _aSanto Domingo :
_bEditora Universitaria,
_c1971.
300 _a20 p. ;
_c23 cm.
490 1 _aCuaderno de ciencias médicas
_vno. 1
650 4 _aMedina
_xHistoria
_953032
830 0 _aCuaderno de ciencias médicas
_n1
_953033
049 _aBNPD
999 _c25580
_d25580